Kitab-E-Muqaddas, Yani Kutub Ahd-E-Ateeq-O-Ahd-E-Jadeed (Record no. 6062)

MARC details
000 -LEADER
fixed length control field 00589nam a2200241 a 4500
020 ## - INTERNATIONAL STANDARD BOOK NUMBER
ISBN
082 00 - DEWEY DECIMAL CLASSIFICATION NUMBER
Classification number 220.59155
Author Cutter
100 ## - MAIN ENTRY--AUTHOR NAME
Author name ,
245 ## - TITLE STATEMENT
Title Kitab-E-Muqaddas, Yani Kutub Ahd-E-Ateeq-O-Ahd-E-Jadeed
260 ## - PUBLICATION, DISTRIBUTION, ETC. (IMPRINT)
Place of publication London
Name of publisher British and Foreign Bible Society
Year of publication 1895
300 ## - PHYSICAL DESCRIPTION
Number of Pages 421p
500 ## - GENERAL NOTE
General note includes index and biblioraphy
505 2# - FORMATTED CONTENTS NOTE
Formatted contents note Index
650 ## - SUBJECT ADDED ENTRY--TOPICAL TERM
Topical Term Bible-Persian
942 ## - ADDED ENTRY ELEMENTS (KOHA)
Koha item type Books
700 1# -
-- ,
Holdings
Home library Current library Date acquired Cost, normal purchase price Full call number Accession Number Koha item type
Henry Martyn Institute Library Henry Martyn Institute Library   100.00 220.59155 7975 Archive Book
Henry Martyn Institute Library Henry Martyn Institute Library   100.00 220.59155 16262 Archive Book
                   Copyright © 2026 | Henry Martyn Institute | Hyderabad | TS-500052 | INDIA | Implemented by hmi.edu.in
Hit-Count:

Powered by Koha